| 000 | 00536nam a22001337a 4500 | ||
|---|---|---|---|
| 082 |
_a363.51 _bPER _cD |
||
| 100 |
_aPersaud, Takoor., _938080 |
||
| 245 |
_aLatin America and the Caribbean technical department, regional studies program _bHousing delivery system and the urban poor: A comparison among six Latin America countries _cTakoor, Persaud. |
||
| 260 |
_aWashington : _bThe World bank, _cDecember 1992. |
||
| 300 |
_axv, 85 p, : _bill. : |
||
| 526 |
_a0 _b0 _c0 _d363_510000000000000_PER |
||
| 650 |
_aD _96527 |
||
| 942 |
_2ddc _cBK |
||
| 999 |
_c542755 _d542755 |
||